000
00338nam a22001457a 4500
003
ASAB
005
20180827062721.0
008
161201t xxu||||| |||| 00| 0 eng d
020
_a
978-81-261-3601-8
040
_c
ASAB
100
_a
Mangat Rai
_9
2436
245
_a
crop diseases and their control
300
_a
304 P
942
_2
ddc
_c
BK
999
_c
480371
_d
480371